| 000 | 01264nam0a2200337 i 4500 | ||
|---|---|---|---|
| 001 | RU\NLR\bibl\1950793 | ||
| 005 | 20240921143332.0 | ||
| 010 |
_a9785990371019 _970 |
||
| 021 |
_aRU _b2012-66327 _94861 |
||
| 035 | _a(nilc)RSL-KNO-005491310 | ||
| 035 | _a(NLR Aleph) 001939937 | ||
| 090 |
_a3551460 _c3551460 |
||
| 100 | _a20120910d2012 u y0rusy50 ca | ||
| 101 | 0 | _arus | |
| 102 | _aRU | ||
| 105 | _aa ||||||||| | ||
| 200 | 1 |
_aЛюди истории _e[80 лет ОАО НАЗ "Сокол", 1932-2012] _eиз воспоминаний работников _eсборник стихов _fСергей Жидков |
|
| 210 |
_aНижний Новгород _c[б. и.] _d2012 |
||
| 215 |
_a51 с. _cил., портр. _d21 |
||
| 686 |
_aШ5(2=Р)75-65я44 _2rubbk |
||
| 686 | _aШ6(2=Р)8-5 | ||
| 686 | _aШ6(2=Р)8-97 | ||
| 700 | 1 |
_4070 _7ca _8rus _aЖидков _bС. Б. _f1951- _gСергей Борисович _9186509 _3RU\NLR\AUTH\770186560 |
|
| 801 | 0 |
_aRU _bRuMoRKP _c20120910 _grcr |
|
| 801 | 1 |
_aRU _bРГБ _c20120910 |
|
| 801 | 2 |
_aRU _bNLR _c20121003 _grcr |
|
| 942 | _cBOOK | ||
| 980 | _aNBR | ||